Statistieken voor Bekende plaatsen in België

Klik hier om de quiz te nemen!

Algemene statistieken

  • Deze quiz is 283 keer genomen
  • De gemiddelde score is 6 van 20

Antwoordstatistieken

Antwoord% Correct
Manneke Pis
93%
Atomium
77%
Museum aan de Stroom
53%
Gravensteen
38%
IJzertoren
37%
Koninklijk Paleis
35%
Menenpoort
34%
Station Luik
28%
Grote Markt Brussel
25%
De Leeuw van Waterloo
24%
Jubelpark
22%
Pier Blankenberge
22%
Belfort Brugge
21%
Brussels Airport
17%
Havenhuis Antwerpen
15%
Basiliek Koekelberg
13%
Begijnhof Leuven
11%
Citadel Namen
9%
Sint-Romboutstoren Mechelen
9%
Steenkoolmijnen
4%

Scoreverdeling

Percentiel versus Aantal Correcte Antwoorden

Procent van Mensen met Elke Score

Uw Scoregeschiedenis

U heeft deze quiz nog niet genomen